Teen Wolf - Statistics

General Stats
  • This quiz has been taken 1,260 times
  • The average score is 23 of 30
Answer Stats
Answer % Correct
true alpha scott mccall
100%
bestfriend of the above stiles
100%
true alphas first love allison
99%
was an alpha derek
99%
banshee lydia
99%
twin 2 ethan
92%
twin 1 aiden
91%
kanima jackson
91%
kitsune kira
90%
true alphas mum melissa
90%
the gay guy danny
85%
new werewolf liam
84%
psycho uncle peter hale
84%
carzy aunt kate argent
83%
sister of the once alpha cora
76%
suffered from epilepsy erica
75%
psychos daughter malia
75%
best friend of the above mason
75%
clever kids dad sheriff stilinski
70%
worked at the ice rink boyd
69%
woked in a grave yard isaac
69%
in charge of the lacrosse team coach
65%
hunter`s wife victoria argent
62%
no shoes kali
61%
demon wolf deucalion
59%
dark druid jennifer
59%
hunter argent
46%
first one of the alpha pack to die ennis
41%
own the vets dr deaton
37%
new deputy deputy parrish
26%
No matching quizzes found
Score Distribution
Percent of People with Each Score
Percentile by Number Answered
Your Score History
You have not taken this quiz